00740cam a2200217Mi 450000500170000000800410001702000180005802000150007604000500009104100080014110000290014924500430017826000380022130000180025949000360027765000130031365000170032665000940034365000420043765000430047920150126150855.0150126s2012 sp gr 000 0 spa d a9788434404908 a8434404907 aCO-BoUCMbspacJose A. GerenadJose A. Gerena0 aspa1 aSavater, Fernandod1947-10aÉtica de urgencia cFernando Savater aBarcelona (España)bArielc2012 a163 páginas1 aBiblioteca Fernando Savaterv13 7aÉtica  7aFilosofía  7aTecnologías de la información y la comunicación. TICs xAspectos morales y éticos 7aCiencia xAspectos morales y éticos 7aInternet xAspectos morales y éticos